00298nam a22001097a 450000500170000000800410001704000190005804100120007708200170008924500720010685000100017820230812123929.0230812b |||||||| |||| 00| 0 eng d aLoreto college aEnglish a954bSAR-CHA aThe calling of historybSir Jadunath Sarkar and his empire of truth aLCLIB